| 000 | 00521nam a22001457a 4500 | ||
|---|---|---|---|
| 005 | 20231103113452.0 | ||
| 008 | 231103b |||||||| |||| 00| 0 eng d | ||
| 082 |
_a617.7 _bAME |
||
| 245 |
_aPediatric Ophthalmology and Strabismus-6 : _bbasic and clinical science course,2016-2017 / _cAmerican academy of Ophthalmology |
||
| 260 |
_aUK : _bAmerican academy of Ophthalmology, _cc2016. |
||
| 500 | _aAmerican academy of Ophthalmology-6 | ||
| 650 | _aOphthalmology | ||
| 700 | _aAmerican academy of Ophthalmology | ||
| 999 |
_c34684 _d34684 |
||